000 00649nam a2200205Ia 4500
003 GCL
008 140319s9999 xx 000 0 ara d
040 _aGCL /
_cGCL
082 0 4 _aد
_b050
_bم ج
245 1 0 _aجريدة الفنون
260 _aالكويت :
_bالمجلس الوطنى للثقافة والفنون والاداب ،
_c2002
650 0 4 _aالمسلسلات التليفزيونية
650 0 4 _aالسينما
650 0 4 _aالخزف
650 0 4 _aالمسرح العربى
650 0 4 _aالفن الفرعونى
650 0 4 _aالدراما - ليبيا
650 0 4 _aعبدالمنعم كامل
942 _2ddc
_cCR
999 _c7845
_d7845